Online
Catalog

Perfiles biográficos de Juan Pablo Duarte, fundador de la República / (Record no. 54668)

MARC details
000 -CABECERA
campo de control de longitud fija 01235nam a2200277 i 4500
001 - NÚMERO DE CONTROL
campo de control 000045414
003 - IDENTIFICADOR DEL NÚMERO DE CONTROL
campo de control DO-SdBNP
005 - FECHA Y HORA DE LA ÚLTIMA TRANSACCIÓN
campo de control 20250909135550.0
007 - CAMPO FIJO DE DESCRIPCIÓN FÍSICA--INFORMACIÓN GENERAL
campo de control de longitud fija ta
008 - DATOS DE LONGITUD FIJA--INFORMACIÓN GENERAL
campo de control de longitud fija 150306s2009 dr c 000 0 spa d
040 ## - FUENTE DE LA CATALOGACIÓN
Centro catalogador/agencia de origen DO-SdBNP
Lengua de catalogación spa
Centro/agencia transcriptor BNPHU
Normas de descripción rda
082 #4 - NÚMERO DE LA CLASIFICACIÓN DECIMAL DEWEY
Número de clasificación 923.2
Número de documento/Ítem D812per
Número de edición 22
100 1# - ENTRADA PRINCIPAL--NOMBRE DE PERSONA
Nombre de persona Pichardo Cruz, Daniel Nicanor
Término indicativo de función/relación autor
9 (RLIN) 73458
245 13 - MENCIÓN DE TÍTULO
Título Perfiles biográficos de Juan Pablo Duarte, fundador de la República /
Mención de responsabilidad, etc. Daniel Nicanor Pichardo Cruz.
264 ## - PRODUCCIÓN, PUBLICACIÓN, DISTRIBUCIÓN, FABRICACIÓN Y COPYRIGHT
Producción, publicación, distribución, fabricación y copyright Santo Domingo :
Nombre del de productor, editor, distribuidor, fabricante Alfa Beta,,
Fecha de producción, publicación, distribución, fabricación o copyright 2009.
300 ## - DESCRIPCIÓN FÍSICA
Extensión 120 páginas :
Otras características físicas ilustraciones. ;
Dimensiones 22 cm.
336 ## - TIPO DE CONTENIDO
Fuente rdacontent
Término de tipo de contenido texto
Código de tipo de contenido txt
337 ## - TIPO DE MEDIO
Fuente rdamedia
Nombre/término del tipo de medio sin mediación
Código del tipo de medio n
338 ## - TIPO DE SOPORTE
Fuente rdacarrier
Nombre/término del tipo de soporte volumen
Código del tipo de soporte nc
500 ## - NOTA GENERAL
Nota general óleo "retrato de Juan Pablo Duarte" autor Abelardo Rodríguez Urdaneta año 1892 (pieza museográfica que se encuentra en el salón de actos del Instituto Duartiano)
505 ## - NOTA DE CONTENIDO CON FORMATO
Nota de contenido con formato Imagen de Duarte (su rostro, figura y carácter) 1|Nacimiento y bautismo 51|Destino : idealista y patriota 61|Fallecimiento e inmortalidad 71|El día de Duarte 78|Prócer de América 83|La Cátedra Duartiana 104
590 ## - NOTA LOCAL (RLIN)
Nota local Inventariado, 2023/DG
600 10 - PUNTO DE ACCESO ADICIONAL DE MATERIA--NOMBRE DE PERSONA
Nombre de persona Duarte, Juan Pablo,
Fechas asociadas al nombre 1813-1876
9 (RLIN) 1494
910 ## - DATOS DE OPCIÓN DEL USUARIO (OCLC)
Datos de opción del usuario DG
942 ## - ELEMENTOS DE PUNTO DE ACCESO ADICIONAL (KOHA)
Fuente del sistema de clasificación o colocación Dewey Decimal Classification
Tipo de ítem Koha Libro
Holdings
Estado de retiro Estado de pérdida Fuente del sistema de clasificación o colocación Restricciones de uso No para préstamo Código de colección Localización permanente Ubicación/localización actual Ubicación en estantería Fecha de adquisición Total de préstamos Signatura topográfica completa Código de barras Fecha visto por última vez Precio válido a partir de Tipo de ítem Koha
    Dewey Decimal Classification Excluido de préstamo   Patrimonio Dominicano Biblioteca Nacional Pedro Henríquez Ureña Biblioteca Nacional Pedro Henríquez Ureña En catalogación 11.09.2023   BNPHU PD 923.2 D812per 2023-5718 11.09.2023 11.09.2023 Libro

Powered by Koha